| 000 | 00486nam a22002057a 4500 | ||
|---|---|---|---|
| 001 | 25490 | ||
| 005 | 20260424103834.0 | ||
| 008 | 260424b |||||||| |||| 00| 0 spa d | ||
| 041 | _aESP | ||
| 082 |
_a658.8 _bK468T |
||
| 100 | _aKotler, Philip | ||
| 245 |
_aMarketing 5.0 : _btecnologĂa para la humanidad |
||
| 260 |
_a : _b , _c2021 |
||
| 300 |
_a214 páginas : _b ; _c22 cm. |
||
| 440 | _a ; | ||
| 650 | _aCIS | ||
| 654 | _aCAN | ||
| 700 | _a; | ||
| 942 |
_cLIB _dJUS _fJUS _n0 _2ddc |
||
| 999 |
_c25490 _d25490 |
||